Normal view
MARC view
Entry Personal Name
001 - CONTROL NUMBER
- control field: 559516
003 - CONTROL NUMBER IDENTIFIER
- control field: OSt
005 - DATE AND TIME OF LATEST TRANSACTION
- control field: 20220930190909.0
008 - FIXED-LENGTH DATA ELEMENTS
- fixed length control field: 220930|| aca||aabn | a|a d
040 ## - CATALOGING SOURCE
- Original cataloging agency: OSt
- Transcribing agency: OSt
100 ## - HEADING--PERSONAL NAME
- Personal name: Mitra Mihir Kumar
670 ## - SOURCE DATA FOUND
- Source citation: Work cat.: (OSt)893278: Mitra Mihir Kumar, Clinical manifestations and management of the perforations of gastrointestinal tract, 1966
